| 000 | 00656nam a2200181 4500 | ||
|---|---|---|---|
| 001 | 131034 | ||
| 003 | ES-MaACL | ||
| 005 | 20230906193912.0 | ||
| 007 | t| | ||
| 008 | 070214s1968 sp r ||||1| spa d | ||
| 100 | 1 |
_aRocheblave-Spenlé, Anne-Marie. _998067 |
|
| 245 | 1 | 0 |
_aLo masculino y lo femenino en la sociedad contemporánea / _cAnne-Marie Rocheblave-Spenlé ; con un prefacio de Daniel Lagache ; traducción de Lourdes Ortiz Sánchez. |
| 260 |
_aMadrid : _bCiencia Nueva, _c1968. |
||
| 300 |
_a375 p. : _bil. ; _c22 cm. |
||
| 700 | 1 |
_aLagache, Daniel. _969551 |
|
| 700 | 1 |
_aOrtiz Sánchez, Lourdes. _987647 |
|
| 852 |
_aES-MaACL _jG-5567 _bR.65411 |
||
| 999 |
_c131034 _d131034 |
||